| Tag |
First Indicator |
Second Indicator |
Subfields |
| LEADER |
00000nam a2200000Ia 4500 |
| 001 |
in00004178213 |
| 005 |
20200807084750.0 |
| 006 |
m g d |
| 007 |
cr bn |||a|bb| |
| 008 |
071107s1622 enk o 000 1 eng d |
| 040 |
|
|
|a UMI
|e dcrb
|c UMI
|
| 035 |
|
|
|a (OCoLC)180867138
|
| 037 |
|
|
|a CL0036000080
|b ProQuest Information and Learning, 789 E. Eisenhower Parkway, Ann Arbor, MI 48108-3218
|
| 041 |
1 |
|
|a eng
|h ger
|
| 090 |
|
|
|a PT923
|b .E63 1622
|
| 049 |
|
|
|a UMIA
|
| 130 |
0 |
|
|a Historia von Doctor Johann Fausten.
|l English.
|f 1622
|
| 245 |
1 |
4 |
|a The historie of the damnable life and deserued death of Doctor Iohn Faustus..
|
| 250 |
|
|
|a Newly imprinted, and in conuenient places, imperfect matter amended,
|b according to the true copie printed at Franckfort, and translated into English by P.P. Gent..
|
| 260 |
|
|
|a London, :
|b Printed by William Iones for T.P. and L.W.,
|c 1622..
|
| 300 |
|
|
|a 1 online resource ([74+] pages)
|
| 336 |
|
|
|a text
|b txt
|2 rdacontent
|
| 337 |
|
|
|a computer
|b c
|2 rdamedia
|
| 338 |
|
|
|a online resource
|b cr
|2 rdacarrier
|
| 500 |
|
|
|a Title vignette; head-piece; initial.
|
| 500 |
|
|
|a Signatures: A-I⁴ K³.
|
| 500 |
|
|
|a Imperfect: stained and torn, with loss of print; all after K₃v lacking. Best copy available for photographing.
|
| 500 |
|
|
|a Reproduction of original in: British Library.
|
| 510 |
4 |
|
|a STC (2nd edition)
|c 10713.5.
|
| 533 |
|
|
|a Electronic reproduction.
|b Ann Arbor, Mich. :
|c UMI,
|d 1999-
|f (Early English books online)
|n Digital version of: (Early English books, 1475-1640 ; 2284:23)
|7 s1999 miun s
|
| 600 |
1 |
0 |
|a Faust,
|d d. ca. 1540
|v Fiction.
|
| 700 |
0 |
|
|a P. P.
|
| 830 |
|
0 |
|a Early English books online.
|
| 856 |
4 |
0 |
|u http://proxy.library.tamu.edu/login?url=https://search.proquest.com/docview/2240907342
|z Connect to the full text of this electronic book
|t 0
|
| 994 |
|
|
|a 02
|b UMI
|
| 999 |
f |
f |
|s a7eb9033-4a7b-3913-81cc-5560741ea874
|i 3048fcfa-2c5a-36f8-96a6-53704f9bc176
|t 0
|
| 952 |
f |
f |
|a Texas A&M University
|b College Station
|c Electronic Resources
|d Available Online
|t 0
|e PT923 .E63 1622
|h Library of Congress classification
|
| 998 |
f |
f |
|a PT923 .E63 1622
|t 0
|l Available Online
|